000 00737cam a2200265 4500
001 B758
008 090401t1987 xxu||||| |||| 00| 0 eng d
035 _a(Sirsi) u37725
041 _aeng
050 _a690.25
110 _aBuilding Research Establishment
245 _aLarge concrete panel external walls: re-sealing butt joints.
260 _aGarston,Watford
_bBuilding Research Establishment
_c1987
300 _a1 sheet : ill. ; 30cm.
350 _a0
490 _aDefect Action Sheet
_v97 (Design)
490 _aDAS
_v97
650 _aCONCRETE PANELS
650 _aDAMP
650 _aLARGE PANEL SYSTEMS
650 _aSEALANTS
690 _aBUILT ENVIRONMENT-BUILDING PATHOLOGY
942 _n0
948 _c04/03/1997
999 _c90535
_d90535